000 00451nam a2200181Ia 4500
001 4348
005 20260306145749.0
008 260306t2002||||xx |||||||||||||| ||spa||
041 _aESP
082 _a320.985
_bB71
100 _aBoloña Behr, Carlos, 1950-
_eAUT
245 0 _aDe Paniagua a Toledo:
_bde la confusión al caos
260 _c2002
300 _a340 páginas :
_c21 cm.
650 _aGEN
654 _aCDE
942 _cLIB
_dJUS
_fJUS
_2ddc
_n
999 _c4348
_d4348